All D1 NCAA Mens Water Polo Teams - Statistics

General Stats
  • This quiz has been taken 26 times
  • The average score is 13 of 26
Answer Stats
Hint Answer % Correct
Bruins UCLA
89%
Trojans USC
89%
Cardinal Stanford
84%
Crimson Harvard
79%
Tigers Princeton
68%
Anteaters UC Irvine
68%
Tritons UC San Diego
68%
Golden Bears California
58%
Aggies UC Davis
58%
Gauchos UC Santa Barbara
58%
Bears Brown
53%
Midshipmen Navy
53%
Beach CSU Long Beach
47%
Spartans San Jose State
47%
Falcons Air Force
42%
Tigers Pacific
42%
Waves Pepperdine
42%
Broncos Santa Clara
42%
Bison Bucknell
32%
Rams Fordham
26%
Gaels Iona
26%
Lancers California Baptist
21%
Revalutionairies George Washington
21%
Roadrunners CSU Fullerton
16%
Lions Loyola Marymount
16%
Seahawks Wagner
16%
No matching quizzes found
Score Distribution
Percent of People with Each Score
Percentile by Number Answered
Your Score History
You have not taken this quiz